00000000nam 2200000zi 4500
0019.941416
003CaOODSP
00520250107144100
006m     o  d f      
007cr cn|||||||||
008240802t20242024onca    obs  f000 0 eng d
020 |a9780660730097
040 |aCaOODSP|beng|erda|cCaOODSP
043 |an-cn---
0861 |aHP35-189/2024E-PDF
24500|aPhysical activity, sedentary behaviour and sleep in autistic children and youth : |bhighlights from the 2019 Canadian Health Survey on Children and Youth.
264 1|a[Ottawa] : |bPublic Health Agency of Canada = Agence de la santé publique du Canada, |c[2024]
264 4|c©2024
300 |a1 online resource (3 unnumbered pages) : |bcolour illustrations
336 |atext|btxt|2rdacontent
337 |acomputer|bc|2rdamedia
338 |aonline resource|bcr|2rdacarrier
500 |aIssued also in French under title: Activité physique, comportements sédentaires et sommeil chez les enfants et les jeunes autistes : faits saillants de l'Enquête canadienne sur la santé des enfants et des jeunes de 2019.
500 |a"Pub.: 240423."
504 |aIncludes bibliographical references.
650 0|aAutistic children|xHealth and hygiene|zCanada|vStatistics.
650 0|aAutistic youth|xHealth and hygiene|zCanada|vStatistics.
655 7|aStatistics|2lcgft
7102 |aPublic Health Agency of Canada, |eissuing body.
77508|tActivité physique, comportements sédentaires et sommeil chez les enfants et les jeunes autistes : |w(CaOODSP)9.941417
85640|qPDF|s327 KB|uhttps://publications.gc.ca/collections/collection_2025/aspc-phac/HP35-189-2024-eng.pdf
8564 |qHTML|sN/A|uhttps://www.canada.ca/en/public-health/services/publications/diseases-conditions/physical-activity-sedentary-behaviour-sleep-autistic-children-youth-canadian-health-survey-highlights-2019.html